Associez les oeuvres aux peintres - Statistiques

Statistiques générales
  • Ce quiz a été pris 303 fois
  • Le résultat moyen est 13 sur 20
Statistiques - réponses
Oeuvres Réponse % Correct
Les Nymphéas Claude Monet
96%
Le Déjeuner sur l'herbe Édouard Manet
95%
Le Cri Edvard Munch
93%
La Cène Léonard de Vinci
89%
La Naissance de Vénus Sandro Botticelli
89%
Les Demoiselles d'Avignon Pablo Picasso
86%
Femmes de Tahiti Paul Gauguin
83%
La Persistance de la mémoire Salvador Dali
79%
La montagne Sainte-Victoire Paul Cézanne
75%
Le serment des Horaces Jacques-Louis David
66%
La Ronde de nuit Rembrandt
63%
La Trahison des images René Magritte
63%
Un enterrement à Ornans Gustave Courbet
57%
Le Voyageur contemplant une mer de nuages Caspar David Friedrich
54%
L'Absinthe Edgar Degas
51%
L'Enlèvement des Sabines Nicolas Poussin
44%
Un dimanche Après-midi sur l'île de la grande Jatte Georges Seurat
42%
Les hasards heureux de l'escarpolette Jean-Honoré Fragonard
35%
Le Tricheur à l'as de carreau Georges de La Tour
29%
La Guerre (triptyque) Otto Dix
19%
Aucun quiz correspondant
Distribution des résultats
% des personnes avec chaque résultat
Percentile par nombre de réponses
Votre historique - résultats
Vous n’avez pas pris ce quiz